| 000 | 00522nam a2200181Ia 4500 | ||
|---|---|---|---|
| 999 |
_c1356 _d1356 |
||
| 003 | OSt | ||
| 005 | 20200925094424.0 | ||
| 008 | 190216s9999||||xx |||||||||||||| ||und|| | ||
| 040 | _coclc | ||
| 082 |
_a582.1303 _bWIL/D |
||
| 100 |
_aWillis, J C _94972 |
||
| 245 | 0 |
_aA Dictionary Of The Flowering Plants And Ferns / _cJ C Willis |
|
| 250 | _a8th Ed. | ||
| 260 |
_bCambridge Uty Press, _c1973. _aLondon: |
||
| 300 | _a1245p | ||
| 650 | _aBotany | ||
| 942 |
_cBK _2ddc _h582.1303 _iWIL/D _k582.1303 _mWIL/D |
||